000 01082nam a2200265 i 4500
003 DO-SdBNP
005 20240229073832.0
007 ta
008 230630b2017 dr o|||| |||| 00| 0 spa d
040 _aDO-SdBNP
_bspa
_cBNPHU
_erda
082 4 _bC755
_222
100 1 _aHernández, Ángela,
_d1954-
_eautora
_92564
110 _aConsejo Nacional para el Cambio Climático y el Mecanismo de Desarrollo Limpio
_983652
245 1 0 _aResumen ejecutivo tercera comunicación nacional de República Dominicana para la convención marco de las Naciones Unidas sobre cambio climático
264 _aSanto Domingo :
_bMinisterio de Medio Ambiente y Recursos Naturales,
_c2017.
300 _a64 páginas :
_bilustraciones ;
_c28 cm.
336 _2rdacontent
_atexto
_btxt
337 _2rdamedia
_asin mediación
_bn
338 _2rdacarrier
_avolumen
_bnc
590 _aInventariado, 2023/DG
650 4 _aCambios climáticos
_xPolítica gubernamental
_zRepública Dominicana
_983653
650 4 _aGases del efecto invernadero
_zRepública Dominicana
_983654
910 _aDG
942 _2ddc
_cLBS1
999 _c54032
_d54032